<?xml version="1.0" encoding="UTF-8"?>
<marc:record xmlns:marc="http://www.loc.gov/MARC21/slim">
   <marc:leader>00000nam a2200000 a 4500</marc:leader>
   <marc:datafield ind1="1" ind2=" " tag="100">
      <marc:subfield code="a">Weinhold, Angela</marc:subfield>
      <marc:subfield code="4">aut</marc:subfield>
      <marc:subfield code="e">Verfasser/-in</marc:subfield>
   </marc:datafield>
   <marc:datafield ind1=" " ind2=" " tag="653">
      <marc:subfield code="a">Erdkunde</marc:subfield>
   </marc:datafield>
   <marc:datafield ind1=" " ind2=" " tag="653">
      <marc:subfield code="a">Erde</marc:subfield>
   </marc:datafield>
   <marc:datafield ind1="0" ind2="0" tag="245">
      <marc:subfield code="a">Wieso, Weshalb, Warum: Unsere Erde</marc:subfield>
   </marc:datafield>
   <marc:datafield ind1="0" ind2="0" tag="245">
      <marc:subfield code="c">[Ill. und Text: Angela Weinhold]</marc:subfield>
   </marc:datafield>
   <marc:datafield ind1=" " ind2="1" tag="264">
      <marc:subfield code="a">Ravensburg</marc:subfield>
      <marc:subfield code="b">Ravensburger Buchverl.</marc:subfield>
      <marc:subfield code="c">2006</marc:subfield>
   </marc:datafield>
   <marc:datafield ind1="1" ind2=" " tag="490">
      <marc:subfield code="a">Wieso? Weshalb? Warum?</marc:subfield>
      <marc:subfield code="v">36</marc:subfield>
   </marc:datafield>
   <marc:datafield ind1="1" ind2=" " tag="520">
      <marc:subfield code="a">Quelle: bn.bibliotheksnachrichten (http://www.biblio.at/literatur/bn/index.html); #Autor: Sabine Huber; #Die Entstehung und Vielfältigkeit unseres Lebensraumes. (ab 5) (JN)##Sie kommen aus dem Staunen nicht heraus, die fünf grünen Außerirdischen, die in einem Raumschiff des Reiseveranstalters Sternschnuppen-Reisen unseren Planeten erkunden. Ein Reiseziel, über das es soviel Interessantes zu erfahren gibt, findet man selten. Als Reiseführer vermitteln sie den LeserInnen des neuen Bandes der Ravensburger Sachbuchreihe "Wieso?Weshalb?Warum?" viel Wissenswertes über die Entstehung der Erde, der Gebirge und Landschaften. Vulkanausbrüche, Erdbeben, das Wetter und Bodenschätze werden erklärt und ein Abtauchen in den Ozean bringt die Wasser- und Unterwasserwelt näher. Über die zweibeinigen Erdlinge wird berichtet und auf deren Verantwortung ihrer Erde gegenüber als schützenswerten Lebensraum wird am Ende des Buches mit Tipps zum Umweltschutz eindringlich hingewiesen.#Das Konzept dieser Reihe ist wohl den meisten bekannt: viel Information, viel Illustration, Bildklappen laden die Kinder zum Entdecken weiterer Details ein. Obwohl die Lebensdauer dieser Klappen beim Einsatz in der Bibliothek möglicherweise begrenzt ist, handelt es sich um eine interessante Neuerscheinung.</marc:subfield>
   </marc:datafield>
   <marc:datafield ind1=" " ind2=" " tag="020">
      <marc:subfield code="a">9783473327492</marc:subfield>
      <marc:subfield code="9">9783473327492</marc:subfield>
   </marc:datafield>
   <marc:datafield ind1=" " ind2=" " tag="041">
      <marc:subfield code="a">ger</marc:subfield>
   </marc:datafield>
   <marc:datafield ind1=" " ind2=" " tag="300">
      <marc:subfield code="a">[9] Bl.</marc:subfield>
   </marc:datafield>
</marc:record>
